[Event "Marlboro it"]
[Site "Bauang PHI"]
[Date "1973.11.??"]
[Round "1"]
[White "Ardiansyah"]
[Black "Cardoso, Rodolfo Tan"]
[Result "1/2-1/2"]
[WhiteElo "2350"]
[BlackElo "2375"]
[EventDate "1973.11.09"]
[PlyCount "80"]

1.e4 c5 2.Nf3 d6 3.d4 cxd4 4.Nxd4 Nf6 5.Nc3 e6 6.Be2 Be7 7.O-O Nbd7 8.Be3 
Nc5 9.f3 O-O 10.Qd2 a6 11.Rfd1 Qc7 12.a4 b6 13.b4 Ncd7 14.b5 axb5 15.Ncxb5
Qb7 16.Bf4 Ne8 17.Nb3 e5 18.Bg5 Bxg5 19.Qxg5 Qc6 20.Qd2 Ba6 21.c4 Nc5 22.
Nxc5 dxc5 23.Nc3 Bb7 24.Rab1 Qf6 25.Rb3 Ra6 26.Rdb1 Nc7 27.Qd7 Qd8 28.Qxd8
Rxd8 29.Rxb6 Bc6 30.Rb8 Rxb8 31.Rxb8+ Ne8 32.Bd1 Kf8 33.Nd5 f6 34.Bb3 Kf7 
35.Rc8 h5 36.Nc7 Nxc7 37.Rxc7+ Ke6 38.a5 Kd6 39.Rxg7 Rxa5 40.Kf2 Ra1 
1/2-1/2

[Event "Marlboro it"]
[Site "Bauang PHI"]
[Date "1973.11.??"]
[Round "1"]
[White "Naranja, Renato"]
[Black "Larsen, Bent"]
[Result "0-1"]
[WhiteElo "2420"]
[BlackElo "2620"]
[EventDate "1973.11.09"]
[PlyCount "100"]

1.c4 Nf6 2.g3 e6 3.Bg2 d5 4.Nf3 c6 5.Qc2 a5 6.O-O Na6 7.a3 Be7 8.d4 O-O 9.
Nbd2 b6 10.e4 Bb7 11.exd5 cxd5 12.Ne5 Qc7 13.b3 Bd6 14.Bb2 Rfd8 15.Rfe1 
Rac8 16.Rad1 Qe7 17.Qc1 dxc4 18.bxc4 Bxg2 19.Kxg2 b5 20.c5 Bxe5 21.Rxe5 
Qb7+ 22.Kg1 Nb8 23.Rde1 Nc6 24.Ne4 Ne8 25.Rh5 Nxd4 26.Bxd4 Rxd4 27.Qb1 
Rxe4 28.Rxe4 Nf6 29.Reh4 Nxh5 30.Rxh5 f5 31.Qe1 Qd5 32.g4 h6 33.Rh3 Rxc5 
34.gxf5 exf5 35.Rc3 Rxc3 36.Qxc3 Qd1+ 37.Kg2 Qg4+ 38.Kf1 Qc4+ 39.Qxc4+ 
bxc4 40.Ke2 g5 41.Kd2 g4 42.Kc3 h5 43.Kxc4 a4 44.Kd5 Kf7 45.Ke5 Kg6 46.Kf4
Kf6 47.h3 gxh3 48.Kg3 Ke5 49.Kxh3 Kd4 50.Kh4 Kc3 0-1

[Event "Marlboro it"]
[Site "Bauang PHI"]
[Date "1973.11.??"]
[Round "1"]
[White "Estimo, Samuel"]
[Black "Quinteros, Miguel Angel"]
[Result "0-1"]
[WhiteElo "2350"]
[BlackElo "2520"]
[EventDate "1973.11.09"]
[PlyCount "146"]

1.e4 c5 2.Nf3 e6 3.d4 cxd4 4.Nxd4 a6 5.c4 Nf6 6.Bd3 Nc6 7.Be3 Ne5 8.Nc3 
Qc7 9.Rc1 b6 10.h3 Bb7 11.O-O Rc8 12.b3 Bc5 13.Bb1 d6 14.Bg5 Nc6 15.Nc2 
Nb4 16.Be3 Nxc2 17.Bxc5 bxc5 18.Bxc2 e5 19.Qf3 O-O 20.Ne2 Nd7 21.Qg4 Nb8 
22.f4 Nc6 23.f5 f6 24.Qf3 Rce8 25.Qe3 Nd4 26.Kh2 Bc6 27.Rf2 Qb7 28.Bb1 Ra8
29.Rg1 a5 30.g4 h6 31.Nxd4 exd4 32.Qf4 Qe7 33.Rb2 Rab8 34.Bd3 Rfe8 35.Re2 
a4 36.bxa4 Bxa4 37.h4 Kf7 38.Rg3 Rh8 39.Reg2 Rbe8 40.Kg1 Qe5 41.Qxe5 Rxe5 
42.g5 fxg5 43.hxg5 h5 44.Rh3 Bc6 45.Rh4 g6 46.fxg6+ Kxg6 47.Rf4 Rhe8 48.
Rf6+ Kg7 49.Rxd6 Bxe4 50.Bxe4 Rxe4 51.Rd7+ R8e7 52.Rd5 R4e5 53.Rd6 Re1+ 
54.Kh2 Rc1 55.Rf2 Rxc4 56.Rff6 Rc2+ 57.Kg3 Re3+ 58.Rf3 Rxf3+ 59.Kxf3 Rxa2 
60.Ke4 Re2+ 61.Kf5 Rf2+ 62.Ke4 Rf7 63.Rd5 Rc7 64.Kf5 c4 65.Rxd4 c3 66.Rd1 
c2 67.Rc1 Rc4 68.Ke5 Kg6 69.Kd5 Rc8 70.Ke4 Kxg5 71.Kf3 h4 72.Kg2 Kf4 73.
Kf2 h3 0-1

[Event "Marlboro it"]
[Site "Bauang PHI"]
[Date "1973.11.??"]
[Round "2"]
[White "Larsen, Bent"]
[Black "Kavalek, Lubomir"]
[Result "1/2-1/2"]
[WhiteElo "2620"]
[BlackElo "2565"]
[EventDate "1973.11.09"]
[PlyCount "113"]

1.f4 g6 2.Nf3 Bg7 3.e4 c5 4.Be2 Nc6 5.O-O d5 6.d3 e6 7.Na3 Nge7 8.c3 O-O 
9.Kh1 Rb8 10.e5 b5 11.d4 b4 12.cxb4 cxb4 13.Nc2 f6 14.b3 Qb6 15.Be3 a5 16.
a4 bxa3 17.Rxa3 Ba6 18.exf6 Bxf6 19.g4 Bxe2 20.Qxe2 Qb5 21.Re1 Qxe2 22.
Rxe2 Rb5 23.Bd2 Kf7 24.Ne5+ Bxe5 25.fxe5 Rfb8 26.Re3 h5 27.Rf3+ Kg7 28.h3 
Rc8 29.Rc3 hxg4 30.hxg4 Kf7 31.Bg5 Ke8 32.Rh3 Kd7 33.Kg1 Rbb8 34.Bf6 Nd8 
35.Rh7 Rxc2 36.Bxe7 Kc6 37.Bd6 Rb7 38.Rh8 Kd7 39.Rxa5 Nf7 40.Rh7 Kc6 41.
Ra8 Rb2 42.Bc5 R2xb3 43.Ra6+ Kb5 44.Rxe6 Kc4 45.Rf6 Rb1+ 46.Rf1 Rxf1+ 47.
Kxf1 Rb1+ 48.Ke2 Nxe5 49.dxe5 Kxc5 50.Rg7 Rb4 51.Rxg6 Re4+ 52.Kf3 Rxe5 53.
Rg8 d4 54.Rc8+ Kb4 55.Kf4 Re7 56.Rd8 Kc3 57.g5 1/2-1/2

[Event "Marlboro it"]
[Site "Bauang PHI"]
[Date "1973.11.??"]
[Round "2"]
[White "Torre, Eugenio"]
[Black "Estimo, Samuel"]
[Result "1/2-1/2"]
[WhiteElo "2430"]
[BlackElo "2350"]
[EventDate "1973.11.09"]
[PlyCount "108"]

1.e4 e5 2.Nf3 Nf6 3.d3 Nc6 4.Be2 d5 5.Nbd2 Bc5 6.O-O O-O 7.c3 a5 8.b3 Bg4 
9.Bb2 dxe4 10.dxe4 Qe7 11.a3 Rfd8 12.Qc2 Nh5 13.b4 Nf4 14.Bc4 axb4 15.axb4
Rxa1 16.Bxa1 Bb6 17.g3 Nh3+ 18.Kg2 Ng5 19.Nxg5 Qxg5 20.Nb3 Qh5 21.Kg1 Bd1 
22.Qa2 Bf3 23.Re1 Rd6 24.Bf1 Nd8 25.Bg2 Bxg2 26.Kxg2 Rh6 27.h4 Rf6 28.Nc5 
Qf3+ 29.Kg1 h5 30.c4 Nc6 31.Qd2 Rd6 32.Qc3 Qxc3 33.Bxc3 Bxc5 34.bxc5 Rd3 
35.Rc1 Kf8 36.Kf1 Nd4 37.Bxd4 Rxd4 38.f3 Ke7 39.c6 b6 40.c5 bxc5 41.Rxc5 
Kd6 42.Rc2 g6 43.Ke2 Ke6 44.Ke3 Rb4 45.Rc3 f5 46.exf5+ gxf5 47.Rd3 Rc4 48.
Rd7 Rxc6 49.Rh7 Rc3+ 50.Kf2 Rc2+ 51.Kg1 Rc1+ 52.Kg2 Rc2+ 53.Kg1 Rc1+ 54.
Kg2 Rc2+ 1/2-1/2

[Event "Marlboro it"]
[Site "Bauang PHI"]
[Date "1973.11.??"]
[Round "2"]
[White "Naranja, Renato"]
[Black "Ardiansyah"]
[Result "1/2-1/2"]
[WhiteElo "2420"]
[BlackElo "2350"]
[EventDate "1973.11.09"]
[PlyCount "76"]

1.c4 Nf6 2.Nf3 e6 3.g3 d5 4.Bg2 Be7 5.O-O O-O 6.d4 Nbd7 7.Nbd2 c6 8.a4 Ne4
9.a5 f5 10.Qb3 Kh8 11.Ne1 Ndf6 12.Nd3 Nxd2 13.Bxd2 Ne4 14.Be1 Bf6 15.e3 
Rb8 16.c5 Qc7 17.f3 Ng5 18.g4 Ra8 19.Bg3 Qd8 20.h4 Nf7 21.g5 Be7 22.Ne5 
Qe8 23.Kf2 Kg8 24.Rh1 Nxe5 25.Bxe5 Qd7 26.f4 Bd8 27.Bd6 Be7 28.Be5 Bd8 29.
Bf1 Bc7 30.Bxc7 Qxc7 31.Qc3 Bd7 32.b4 a6 33.Be2 Rac8 34.h5 Qd8 35.Qe1 Rc7 
36.Qf1 Qc8 37.Qc1 Kh8 38.h6 g6 1/2-1/2

[Event "Marlboro it"]
[Site "Bauang PHI"]
[Date "1973.11.??"]
[Round "3"]
[White "Ivkov, Borislav"]
[Black "Torre, Eugenio"]
[Result "1-0"]
[WhiteElo "2520"]
[BlackElo "2430"]
[EventDate "1973.11.09"]
[PlyCount "95"]

1.c4 g6 2.g3 Bg7 3.Bg2 c5 4.Nc3 Nc6 5.a3 e6 6.Rb1 a5 7.d3 d6 8.e4 Nge7 9.
Nge2 O-O 10.O-O Rb8 11.Bg5 h6 12.Be3 Nd4 13.b4 axb4 14.axb4 Nec6 15.b5 Ne7
16.Bd2 Nxe2+ 17.Qxe2 Ra8 18.Ra1 Bd7 19.Rfb1 Qb6 20.Qd1 Rfc8 21.Ra4 Qd8 22.
Rba1 Kh7 23.R1a2 Qh8 24.Qb3 Rxa4 25.Rxa4 Ra8 26.e5 Rxa4 27.Nxa4 Bxe5 28.
Bxb7 Qb8 29.Bg2 Bc6 30.Qd1 Bxg2 31.Kxg2 Nf5 32.Qf3 Qa7 33.Nc3 Kg7 34.Ne2 
Qa2 35.Bc3 Bxc3 36.Nxc3 Qa1 37.Ne4 Qb2 38.Qf4 g5 39.Qd2 Qb1 40.Nc3 Qb3 41.
Ne4 Qb1 42.Qc3+ e5 43.Qd2 g4 44.Qe2 h5 45.Nxd6 Nd4 46.Qxe5+ Kg6 47.Qe4+ 
Kf6 48.Ne8+ 1-0

[Event "Marlboro it"]
[Site "Bauang PHI"]
[Date "1973.11.??"]
[Round "3"]
[White "Ardiansyah"]
[Black "Larsen, Bent"]
[Result "0-1"]
[WhiteElo "2350"]
[BlackElo "2620"]
[EventDate "1973.11.09"]
[PlyCount "80"]

1.e4 c5 2.Nf3 e6 3.d4 cxd4 4.Nxd4 Nf6 5.Nc3 d6 6.Bc4 Be7 7.O-O O-O 8.Bb3 
Na6 9.Qe2 Nc5 10.Rd1 Bd7 11.Bg5 a6 12.f4 Rc8 13.f5 Kh8 14.Qf3 b5 15.a3 a5 
16.Kh1 b4 17.axb4 axb4 18.e5 dxe5 19.Bxf6 Bxf6 20.fxe6 bxc3 21.exd7 Qxd7 
22.Ne6 cxb2 23.Nxf8 Rxf8 24.Rab1 e4 25.Qe3 Qe7 26.Bc4 Bg5 27.Qa3 Bc1 28.
Rd5 Rc8 29.Rf5 f6 30.h3 g6 31.Rd5 Kg7 32.Bb5 Rc7 33.Be2 Ne6 34.Qxe7+ Rxe7 
35.Rd1 Nf4 36.Bb5 Re5 37.Bc4 Rg5 38.Rbxc1 bxc1=Q 39.Rxc1 Rxg2 40.Bf1 Rd2 
0-1

[Event "Marlboro it"]
[Site "Bauang PHI"]
[Date "1973.11.??"]
[Round "3"]
[White "Kavalek, Lubomir"]
[Black "Quinteros, Miguel Angel"]
[Result "1-0"]
[WhiteElo "2565"]
[BlackElo "2520"]
[EventDate "1973.11.09"]
[PlyCount "91"]

1.c4 Nf6 2.Nf3 g6 3.Nc3 Bg7 4.e4 d6 5.d4 O-O 6.h3 e5 7.d5 Nh5 8.Nh2 Qe8 9.
Be2 Nf4 10.Bf3 f5 11.h4 Na6 12.g3 Nc5 13.gxf4 exf4 14.e5 dxe5 15.Be2 Qe7 
16.Nf1 f3 17.Bxf3 e4 18.d6 Bxc3+ 19.bxc3 cxd6 20.Bg5 Qe5 21.Be2 Qxc3+ 22.
Bd2 Qe5 23.Be3 f4 24.Bxc5 Qc3+ 25.Nd2 dxc5 26.Rc1 Qa5 27.Qb3 Bf5 28.Qc3 
Qc7 29.h5 e3 30.Nf3 Rae8 31.hxg6 Bxg6 32.Bd3 exf2+ 33.Kxf2 Re3 34.Rcg1 Qd6
35.Rxh7 Kxh7 36.Rxg6 Qxg6 37.Bxg6+ Kxg6 38.Qc2+ Kg7 39.Qb2+ Kg6 40.Qxb7 
Rfe8 41.Qc6+ R8e6 42.Qxc5 Re2+ 43.Kf1 Rxa2 44.Qg5+ Kf7 45.Ne5+ Ke8 46.c5 
1-0

[Event "Marlboro it"]
[Site "Bauang PHI"]
[Date "1973.11.??"]
[Round "3"]
[White "Estimo, Samuel"]
[Black "Cardoso, Rodolfo Tan"]
[Result "1/2-1/2"]
[WhiteElo "2350"]
[BlackElo "2375"]
[EventDate "1973.11.09"]
[PlyCount "143"]

1.e4 b6 2.Nc3 Bb7 3.Nf3 e6 4.Be2 Bb4 5.d3 Ne7 6.a3 Bxc3+ 7.bxc3 d5 8.e5 c5
9.d4 Nd7 10.O-O O-O 11.Ne1 Qc7 12.Bd3 f5 13.f4 a6 14.Be3 b5 15.Rf3 cxd4 
16.cxd4 Nb6 17.Rh3 Bc6 18.Bd2 a5 19.Nf3 h6 20.Qe1 Nc4 21.Bc1 Be8 22.Nd2 
Nc6 23.Qf2 a4 24.Bxc4 bxc4 25.Bb2 Rb8 26.Bc3 Bg6 27.Re3 Rb5 28.Ree1 Rfb8 
29.Reb1 Rxb1+ 30.Nxb1 Rb5 31.Nd2 Qb6 32.h3 Kh7 33.Kh2 Rb2 34.Nf3 Rb1 35.
Nd2 Rxa1 36.Bxa1 Na7 37.Qe1 Nb5 38.Nb1 c3 39.Bxc3 Nxc3 40.Nxc3 Qxd4 41.Qg3
Qc4 42.Qf3 Be8 43.Ne2 Bb5 44.Qd3 Qc5 45.Qc3 Qf2 46.Nd4 Qxf4+ 47.Kg1 Bd7 
48.Nf3 Be8 49.Qd2 Qxd2 50.Nxd2 Bb5 51.Nf3 g5 52.Nd4 Bd7 53.Kf2 Kg6 54.g4 
fxg4 55.hxg4 Kf7 56.Ke3 Ke7 57.Ne2 Be8 58.Nc3 Kd8 59.Kd4 Kc7 60.Ne2 Bg6 
61.c4 dxc4 62.Kxc4 Kd7 63.Ng3 Ke7 64.Kb4 Bc2 65.Nh5 Kf7 66.Kc5 Bd1 67.Nf6 
h5 68.gxh5 Bc2 69.Kd4 Kg7 70.Ke3 Kh6 71.Kd2 Bb3 72.Ke2 1/2-1/2

[Event "Marlboro it"]
[Site "Bauang PHI"]
[Date "1973.11.??"]
[Round "3"]
[White "Tatai, Stefano"]
[Black "Naranja, Renato"]
[Result "1-0"]
[WhiteElo "2430"]
[BlackElo "2420"]
[EventDate "1973.11.09"]
[PlyCount "89"]

1.d4 d5 2.c4 e6 3.Nc3 Nf6 4.cxd5 exd5 5.Bg5 Be7 6.e3 h6 7.Bxf6 Bxf6 8.Bd3 
c6 9.Nge2 O-O 10.Bc2 Na6 11.a3 Re8 12.Nf4 Bg5 13.g3 Qf6 14.Ng2 Bh3 15.O-O 
Qe6 16.f4 Bf6 17.f5 Qe7 18.Re1 Bxg2 19.Kxg2 Rad8 20.Qf3 Qc7 21.Bd3 Kf8 22.
Re2 Qd6 23.Rd1 Nc7 24.Bb1 c5 25.dxc5 Qxc5 26.Rd3 Qc6 27.Red2 Qb6 28.Ba2 d4
29.exd4 Bxd4 30.Na4 Qf6 31.Qxb7 Be5 32.Rd7 Rxd7 33.Rxd7 Re7 34.Rxe7 Qxe7 
35.Qxa7 Qd7 36.Qb8+ Ke7 37.Qb4+ Bd6 38.Qe4+ Kd8 39.Nc3 Bc5 40.Bd5 Bb6 41.
g4 g6 42.fxg6 fxg6 43.Qxg6 Nxd5 44.Qg8+ Kc7 45.Qxd5 1-0

[Event "Marlboro it"]
[Site "Bauang PHI"]
[Date "1973.11.??"]
[Round "4"]
[White "Ardiansyah"]
[Black "Tatai, Stefano"]
[Result "1/2-1/2"]
[WhiteElo "2350"]
[BlackElo "2430"]
[EventDate "1973.11.09"]
[PlyCount "96"]

1.e4 c5 2.Nf3 d6 3.d4 cxd4 4.Nxd4 Nf6 5.Nc3 g6 6.Be2 Bg7 7.Be3 Nc6 8.Qd2 
O-O 9.O-O-O Bd7 10.f3 Rc8 11.g4 Ne5 12.h4 h5 13.Bh6 hxg4 14.h5 gxf3 15.
Bxg7 Kxg7 16.hxg6 Rh8 17.Bxf3 fxg6 18.Nd5 Nxd5 19.exd5 Qf8 20.Be4 Nc4 21.
Qg2 Qf4+ 22.Kb1 Ne5 23.Ne6+ Bxe6 24.dxe6 Qf6 25.Rhf1 Qxe6 26.Bf5 Qc4 27.
Rg1 Rh6 28.Bxc8 Qxc8 29.Rh1 Qc6 30.Rhg1 Qxg2 31.Rxg2 Rh5 32.Rg3 g5 33.Ra3 
a6 34.Rb3 b5 35.Ra3 g4 36.Rxa6 Nf3 37.Ra3 Rf5 38.Re3 Kf6 39.Re2 d5 40.Kc1 
d4 41.Re4 Rg5 42.Rf1 e5 43.Rxg4 Rxg4 44.Rxf3+ Ke6 45.Rb3 e4 46.Rxb5 Rg1+ 
47.Kd2 Rg2+ 48.Kd1 Rg1+ 1/2-1/2

[Event "Marlboro it"]
[Site "Bauang PHI"]
[Date "1973.11.??"]
[Round "4"]
[White "Naranja, Renato"]
[Black "Estimo, Samuel"]
[Result "1/2-1/2"]
[WhiteElo "2420"]
[BlackElo "2350"]
[EventDate "1973.11.09"]
[PlyCount "108"]

1.c4 Nf6 2.Nf3 e6 3.g3 d5 4.Bg2 Be7 5.O-O O-O 6.b3 Ne4 7.Bb2 Nd7 8.Nc3 
Nxc3 9.Bxc3 Nf6 10.Rc1 c6 11.d3 a5 12.a4 Qb6 13.Qc2 Rd8 14.Qb2 Bd7 15.Nd2 
Be8 16.d4 Bb4 17.c5 Bxc3 18.Qxc3 Qa6 19.Rfe1 b5 20.cxb6 Qxb6 21.e3 Rdb8 
22.Qc5 Qc7 23.Rc3 Rb4 24.Rec1 Rd8 25.f4 Rd6 26.Rd3 Nd7 27.Qc2 Qb6 28.Rc3 
Nf8 29.Nf3 f6 30.Bf1 Rd8 31.Bd3 Rb8 32.Rb1 Qa7 33.Kg2 R8b6 34.Qd1 Qb7 35.
Bc2 Bg6 36.Bxg6 Nxg6 37.Nd2 Ne7 38.Rbc1 Nf5 39.Qf3 Nd6 40.Qg4 Qd7 41.Qh5 
Nf5 42.Qf3 Qb7 43.Kg1 Qd7 44.Qd1 h6 45.Qc2 Ne7 46.Rc5 Ra6 47.Qc3 Qc7 48.
Rb5 Rxb5 49.axb5 Ra8 50.Qc5 Rc8 51.b6 Qb7 52.Ra1 Ra8 53.Rxa5 Rxa5 54.Qxa5 
Nc8 1/2-1/2

[Event "Marlboro it"]
[Site "Bauang PHI"]
[Date "1973.11.??"]
[Round "4"]
[White "Cardoso, Rodolfo Tan"]
[Black "Ivkov, Borislav"]
[Result "0-1"]
[WhiteElo "2375"]
[BlackElo "2520"]
[EventDate "1973.11.09"]
[PlyCount "64"]

1.e4 e6 2.d3 d5 3.Nd2 c5 4.g3 Nc6 5.Bg2 Nf6 6.Ne2 Be7 7.O-O O-O 8.Nf4 b6 
9.c4 dxe4 10.dxe4 Rb8 11.Re1 Qc7 12.b3 Bd6 13.Nd3 Rd8 14.f4 Be7 15.Re3 e5 
16.f5 Bb7 17.Bb2 Rd7 18.h3 Rbd8 19.Bf1 Nb4 20.Bxe5 Qc6 21.Qb1 Nh5 22.Nf3 
Nxd3 23.Bxd3 Qh6 24.Kf2 f6 25.g4 fxe5 26.gxh5 Bg5 27.Nxg5 Qxg5 28.Qf1 Bxe4
29.Bxe4 Qf4+ 30.Bf3 Rd2+ 31.Re2 e4 32.Rxd2 Rxd2+ 0-1

[Event "Marlboro it"]
[Site "Bauang PHI"]
[Date "1973.11.??"]
[Round "5"]
[White "Ivkov, Borislav"]
[Black "Naranja, Renato"]
[Result "1-0"]
[WhiteElo "2520"]
[BlackElo "2420"]
[EventDate "1973.11.09"]
[PlyCount "71"]

1.d4 Nf6 2.c4 g6 3.Nc3 Bg7 4.e4 d6 5.Nge2 O-O 6.Ng3 e5 7.d5 a5 8.Be2 Na6 
9.Bg5 h6 10.Be3 Nxe4 11.Ngxe4 f5 12.Ng3 f4 13.Bd2 fxg3 14.hxg3 Nc5 15.Be3 
b6 16.g4 e4 17.Qc2 Nd3+ 18.Bxd3 exd3 19.Qxd3 Bxg4 20.Qxg6 Bf5 21.Qg3 Kh7 
22.O-O-O Bg6 23.Rxh6+ Bxh6 24.Rh1 Qe8 25.Rxh6+ Kg7 26.Qg5 Rf6 27.Bd4 Qe1+ 
28.Nd1 Qe4 29.Rxg6+ Qxg6 30.Bxf6+ Kf7 31.Qxg6+ Kxg6 32.Bh4 Rh8 33.g3 Kf5 
34.f3 Ke5 35.Kd2 b5 36.f4+ 1-0

[Event "Marlboro it"]
[Site "Bauang PHI"]
[Date "1973.11.??"]
[Round "5"]
[White "Kavalek, Lubomir"]
[Black "Cardoso, Rodolfo Tan"]
[Result "1-0"]
[WhiteElo "2565"]
[BlackElo "2375"]
[EventDate "1973.11.09"]
[PlyCount "115"]

1.e4 b6 2.d4 Bb7 3.Nc3 e6 4.Nf3 Bb4 5.Bd3 c5 6.O-O Nf6 7.e5 cxd4 8.Nxd4 
Ng8 9.Qg4 Ne7 10.Nxe6 dxe6 11.Qxb4 Nbc6 12.Qf4 a6 13.a3 Qc7 14.Re1 Rd8 15.
Qg3 Nd4 16.Be3 Nef5 17.Qh3 h6 18.Rad1 O-O 19.Bxd4 Nxd4 20.Re3 Nf5 21.Ree1 
Ne7 22.Qg3 Rd7 23.Ne4 Bxe4 24.Bxe4 Rfd8 25.Rxd7 Rxd7 26.h3 Nc6 27.f4 Na5 
28.b3 Nb7 29.b4 a5 30.Qf3 Nd8 31.Rd1 Kf8 32.bxa5 bxa5 33.Rxd7 Qxd7 34.Qd3 
Qa7+ 35.Kh2 Ke7 36.g3 Qb6 37.h4 f6 38.Kg2 f5 39.Bf3 g6 40.a4 h5 41.Qa3+ 
Ke8 42.Qc3 Kd7 43.Be2 Qc6+ 44.Qxc6+ Nxc6 45.Bb5 Kc7 46.Bc4 Nd8 47.Kf2 Kb6 
48.Ke3 Kc5 49.Kd3 Kb6 50.Bb5 Nc6 51.Kc4 Nb4 52.Be8 Nxc2 53.Bxg6 Ne3+ 54.
Kd3 Nd5 55.Bxh5 Kc7 56.Bf3 Ne7 57.Kc4 Kb6 58.Bh5 1-0

[Event "Marlboro it"]
[Site "Bauang PHI"]
[Date "1973.11.??"]
[Round "5"]
[White "Quinteros, Miguel Angel"]
[Black "Torre, Eugenio"]
[Result "1-0"]
[WhiteElo "2520"]
[BlackElo "2430"]
[EventDate "1973.11.09"]
[PlyCount "191"]

1.e4 d6 2.d4 Nf6 3.Nc3 g6 4.Bg5 c6 5.Nf3 Bg7 6.Qd2 O-O 7.O-O-O b5 8.Bd3 
Bg4 9.Qf4 Bxf3 10.Qxf3 b4 11.Ne2 Qa5 12.Bxf6 Bxf6 13.Kb1 Nd7 14.h4 c5 15.
h5 Rfc8 16.hxg6 hxg6 17.Qh3 c4 18.Qxd7 Rc7 19.Qh3 Rac8 20.Rc1 cxd3 21.Qxd3
Qb6 22.f4 a5 23.g4 a4 24.g5 Rc3 25.Qd2 Bg7 26.e5 e6 27.Ka1 R3c4 28.Rh3 Qc6
29.Kb1 Qg2 30.Rg3 Qb7 31.Rd3 Qb6 32.Qe3 Qc6 33.Qd2 Qb6 34.Ng3 d5 35.Ne2 
Qb5 36.Ng1 R4c7 37.Nf3 Kf8 38.Ne1 Ke8 39.Rd1 Bf8 40.Qe2 Ra8 41.R3d2 Qa5 
42.Nd3 Rac8 43.b3 Rc3 44.Nb2 a3 45.Na4 Rh3 46.Qg2 Rh5 47.Rh1 Rxh1+ 48.Qxh1
Qb5 49.Rh2 Be7 50.Qf3 Rc6 51.Qe2 Qxe2 52.Rxe2 Bd8 53.Kc1 Ke7 54.Kd2 Ba5 
55.Rh2 Rc8 56.Kd3 Kd7 57.Rh3 Ke7 58.Kd2 Bc7 59.Rh7 Ba5 60.Kd3 Bc7 61.Nc5 
Ba5 62.Rh1 Bb6 63.c3 Bxc5 64.dxc5 Rxc5 65.cxb4 Rc8 66.b5 Kd7 67.Rh7 Ke7 
68.Kd4 Rc2 69.b6 Rc6 70.Rh8 Rxb6 71.Kc5 Ra6 72.b4 Ra7 73.b5 Rc7+ 74.Kb4 
Rc4+ 75.Kxa3 Kd7 76.Kb3 Kc7 77.a4 Kb6 78.Rb8+ Kc7 79.Rf8 Rxf4 80.a5 Rf3+ 
81.Kc2 Rf2+ 82.Kd3 Rf3+ 83.Kd4 Rf4+ 84.Ke3 Rf1 85.a6 Kb6 86.Rb8+ Ka7 87.
Rb7+ Ka8 88.Kd4 Rc1 89.Rxf7 Rc4+ 90.Kd3 Rb4 91.Rb7 d4 92.Rb6 Ka7 93.Rxe6 
Rxb5 94.Kxd4 Rb4+ 95.Kc5 Re4 96.Kd5 1-0

[Event "Marlboro it"]
[Site "Bauang PHI"]
[Date "1973.11.??"]
[Round "6"]
[White "Naranja, Renato"]
[Black "Kavalek, Lubomir"]
[Result "0-1"]
[WhiteElo "2420"]
[BlackElo "2565"]
[EventDate "1973.11.09"]
[PlyCount "90"]

1.c4 g6 2.d4 Bg7 3.e4 c5 4.d5 d6 5.Be2 Nf6 6.Nc3 O-O 7.Nf3 e6 8.O-O Re8 9.
Bg5 h6 10.Bd2 exd5 11.exd5 Na6 12.a3 Bf5 13.Re1 Ne4 14.Nxe4 Bxe4 15.Qc1 g5
16.Bc3 Nc7 17.Nd2 Bg6 18.Nf1 b5 19.b3 bxc4 20.bxc4 Rb8 21.Ne3 Bd4 22.Qd2 
Qf6 23.Ng4 Qg7 24.Bxd4 cxd4 25.h4 Bf5 26.hxg5 hxg5 27.f3 Na6 28.Rad1 Bxg4 
29.fxg4 Nc5 30.Qxd4 Qxd4+ 31.Rxd4 Rb2 32.Kf1 Ne4 33.Rd3 Nd2+ 34.Kf2 Nxc4 
35.Rc3 Nb6 36.Re3 Rxe3 37.Kxe3 Nxd5+ 38.Kd4 Rd2+ 39.Kc4 Ne3+ 40.Kc3 Ra2 
41.Bc4 Nxc4 42.Kxc4 Rxa3 43.Kb5 Rg3 44.Re4 Rxg2 45.Rd4 Rf2 0-1

[Event "Marlboro it"]
[Site "Bauang PHI"]
[Date "1973.11.??"]
[Round "6"]
[White "Tatai, Stefano"]
[Black "Estimo, Samuel"]
[Result "0-1"]
[WhiteElo "2430"]
[BlackElo "2350"]
[EventDate "1973.11.09"]
[PlyCount "82"]

1.e4 c5 2.Nf3 Nf6 3.e5 Nd5 4.Nc3 Nxc3 5.dxc3 Nc6 6.Bf4 Qb6 7.b3 e6 8.h4 
Qc7 9.Qd2 b6 10.O-O-O Bb7 11.Rh3 Ne7 12.h5 Nd5 13.h6 g6 14.Bg5 c4 15.Bxc4 
Ba3+ 16.Kb1 O-O 17.Bxd5 Bxd5 18.c4 Bc6 19.Bf6 a5 20.Nh4 b5 21.cxb5 Bxb5 
22.Rc3 Qb7 23.Qf4 Rac8 24.Rg3 Rxc2 25.Nxg6 fxg6 26.Rxg6+ hxg6 27.h7+ Kf7 
28.Kxc2 Qc6+ 29.Kb1 Qc3 30.Bg7+ Kxg7 31.h8=Q+ Rxh8 32.Qf6+ Kg8 33.Qxg6+ 
Kf8 34.Qf6+ Ke8 35.Qxh8+ Bf8 36.Qh5+ Kd8 37.Qh4+ Be7 38.Qe4 Ba3 39.Qc2 
Qxe5 40.g4 Bc6 41.f4 Qg7 0-1

[Event "Marlboro it"]
[Site "Bauang PHI"]
[Date "1973.11.??"]
[Round "7"]
[White "Torre, Eugenio"]
[Black "Cardoso, Rodolfo Tan"]
[Result "1-0"]
[WhiteElo "2430"]
[BlackElo "2375"]
[EventDate "1973.11.09"]
[PlyCount "111"]

1.e4 b6 2.d4 Bb7 3.Bd3 Nf6 4.Nd2 e6 5.Ngf3 c5 6.c3 Nc6 7.O-O cxd4 8.cxd4 
Nb4 9.Bb1 Ba6 10.Re1 Nd3 11.Bxd3 Bxd3 12.Qb3 Ba6 13.d5 Bc5 14.Qa4 Qc8 15.
b4 b5 16.Qb3 Bb6 17.Bb2 Ng4 18.Bd4 Bxd4 19.Nxd4 Qc7 20.N2f3 Ne5 21.Rac1 
Nxf3+ 22.Qxf3 Qb6 23.Nb3 O-O 24.Nc5 Rad8 25.d6 Bb7 26.Qf4 Ba8 27.Rc3 f6 
28.Rd1 a5 29.a3 Bc6 30.Rdc1 Rde8 31.h4 Qa7 32.Nxd7 Bxd7 33.Rc7 Qd4 34.Rxd7
Rd8 35.Rcc7 Rxd7 36.Rxd7 axb4 37.axb4 f5 38.Qg3 fxe4 39.Re7 Qf6 40.Rb7 Rd8
41.Rxb5 Qd4 42.Rb7 g6 43.d7 Kf7 44.Qf4+ Ke7 45.Qg5+ Qf6 46.Qxf6+ Kxf6 47.
Kf1 Ke5 48.Ke2 Kd5 49.b5 h6 50.Rc7 Kd6 51.b6 Rxd7 52.Rxd7+ Kxd7 53.Ke3 Kc6
54.Kxe4 Kxb6 55.Ke5 Kc5 56.Kxe6 1-0

[Event "Marlboro it"]
[Site "Bauang PHI"]
[Date "1973.11.??"]
[Round "7"]
[White "Quinteros, Miguel Angel"]
[Black "Naranja, Renato"]
[Result "1-0"]
[WhiteElo "2520"]
[BlackElo "2420"]
[EventDate "1973.11.09"]
[PlyCount "81"]

1.e4 c6 2.c4 e5 3.Nf3 d6 4.d4 Nd7 5.Nc3 Be7 6.g3 Bf6 7.Be3 Ne7 8.d5 c5 9.
a3 a6 10.b4 b6 11.Qa4 O-O 12.b5 Nf5 13.Qd1 Nxe3 14.fxe3 a5 15.g4 Bh4+ 16.
Kd2 a4 17.Be2 Re8 18.Qg1 h6 19.Bd1 Nf8 20.Nxa4 Ng6 21.Nc3 Bg5 22.Kd3 Nh4 
23.Nd2 Qc7 24.Kc2 g6 25.Kb2 Rf8 26.Bc2 Kh8 27.Qg3 f5 28.gxf5 gxf5 29.exf5 
e4 30.Ndxe4 Nxf5 31.Qf3 Bxe3 32.Ng3 Bd4 33.Bxf5 Qg7 34.Rac1 Bxf5 35.Nxf5 
Qg5 36.Rhf1 Rae8 37.Kb3 Re3 38.Qf4 Qf6 39.Nh4 Qxf4 40.Rxf4 Rg8 41.Rf3 1-0

[Event "Marlboro it"]
[Site "Bauang PHI"]
[Date "1973.11.??"]
[Round "8"]
[White "Ardiansyah"]
[Black "Quinteros, Miguel Angel"]
[Result "0-1"]
[WhiteElo "2350"]
[BlackElo "2520"]
[EventDate "1973.11.09"]
[PlyCount "54"]

1.e4 c5 2.Nf3 d6 3.d4 cxd4 4.Nxd4 Nf6 5.Nc3 a6 6.Bc4 b5 7.Bb3 e6 8.O-O Be7
9.f4 O-O 10.e5 dxe5 11.fxe5 Nfd7 12.Qh5 Bc5 13.Be3 Bxd4 14.Bxd4 Nc6 15.
Rad1 Nxd4 16.Rxd4 Qb6 17.Rf4 Qc5 18.Nd5 Kh8 19.Kf1 exd5 20.Rh4 h6 21.Rdg4 
Qe3 22.Rg5 Kh7 23.Bxd5 Qc1+ 24.Kf2 Qxc2+ 25.Kg3 Qd3+ 26.Bf3 Qe3 27.Rhg4 g6
0-1

[Event "Marlboro it"]
[Site "Bauang PHI"]
[Date "1973.11.??"]
[Round "8"]
[White "Naranja, Renato"]
[Black "Torre, Eugenio"]
[Result "1-0"]
[WhiteElo "2420"]
[BlackElo "2430"]
[EventDate "1973.11.09"]
[PlyCount "119"]

1.c4 g6 2.d4 Bg7 3.Nc3 Nf6 4.e4 d6 5.g3 O-O 6.Bg2 e5 7.d5 c6 8.Nge2 cxd5 
9.cxd5 Bd7 10.a4 Na6 11.O-O Qb6 12.Be3 Nc5 13.f3 Rfc8 14.Rf2 Qb3 15.Qxb3 
Nxb3 16.Ra3 Nd4 17.Nc1 Ne8 18.Nb3 Nc7 19.Rd2 b5 20.axb5 Ncxb5 21.Nxb5 Nxb5
22.Ra1 Bf6 23.Bf1 Bd8 24.Ra6 Rab8 25.Na5 Rc1 26.Kg2 Bb6 27.Bxb6 axb6 28.
Nc4 Nd4 29.Rxb6 Rxb6 30.Nxb6 Nxf3 31.Kxf3 Rxf1+ 32.Kg2 Bb5 33.Nc8 Ba6 34.
Nxd6 Kf8 35.Nb7 Rf6 36.d6 Bf1+ 37.Kg1 Bh3 38.Rf2 Rxf2 39.Kxf2 Ke8 40.Nc5 
Kd8 41.b4 Bd7 42.g4 Bxg4 43.b5 Bd7 44.b6 Bc6 45.Ke3 Kc8 46.Kd3 h5 47.Kc4 
h4 48.b7+ Bxb7 49.d7+ Kc7 50.Nxb7 Kxd7 51.Kd5 f6 52.Nd6 Ke7 53.Nc4 Kf7 54.
Kd6 g5 55.Ne3 Kg6 56.Ke6 g4 57.Nxg4 Kg5 58.Nxf6 Kf4 59.Kd5 h3 60.Ke6 1-0

[Event "Marlboro it"]
[Site "Bauang PHI"]
[Date "1973.11.??"]
[Round "8"]
[White "Estimo, Samuel"]
[Black "Ivkov, Borislav"]
[Result "1/2-1/2"]
[WhiteElo "2350"]
[BlackElo "2520"]
[EventDate "1973.11.09"]
[PlyCount "139"]

1.e4 e6 2.d4 d5 3.exd5 exd5 4.Nf3 Bd6 5.Bd3 Ne7 6.O-O Bg4 7.Nbd2 Nbc6 8.c3
Qd7 9.Qc2 Bf5 10.Re1 Bxd3 11.Qxd3 O-O 12.Nf1 Rae8 13.Bd2 Qf5 14.Qxf5 Nxf5 
15.Ne3 Nfe7 16.Nh4 Bf4 17.Nf1 Bxd2 18.Nxd2 g5 19.Nhf3 f6 20.Nb3 b6 21.Re2 
Nf5 22.Rae1 Rxe2 23.Rxe2 Kf7 24.Kf1 Nd8 25.Ne1 Ne6 26.Nd3 h5 27.Nb4 Nf4 
28.Rd2 a5 29.Nd3 Ne6 30.Re2 a4 31.Na1 Ke7 32.Nc2 Kd6 33.Ne3 Neg7 34.Nxf5+ 
Nxf5 35.Nb4 c5 36.Nc2 cxd4 37.cxd4 g4 38.g3 Rc8 39.Kg2 Rc4 40.Rd2 Ng7 41.
h3 Nf5 42.hxg4 hxg4 43.Kf1 Ke6 44.Ke1 Rc8 45.Kf1 Rc4 46.Ke1 Kf7 47.Kf1 Kg6
48.Ke1 b5 49.Kf1 Kf7 50.Ke1 Ke6 51.a3 Kd6 52.Kf1 Rc8 53.Re2 Rg8 54.Rd2 Ne7
55.Nb4 Rc8 56.Nc2 Nc6 57.Ne3 Rg8 58.Ke2 Na5 59.Kd3 Nc4 60.Re2 Nxe3 61.Rxe3
Rc8 62.f3 gxf3 63.Rxf3 Ke6 64.Rf1 Rc4 65.Rh1 b4 66.Rh8 b3 67.Ra8 Rc2 68.
Rxa4 Rxb2 69.Ra6+ Ke7 70.Kc3 1/2-1/2